000 00217 a2200097 4500
001 12832
100 _aNag,P.K.
245 _aBasic and Applied thermodynamics
260 _a
_bTata McGraw-Hill
_c
090 _c9814
_d9814
942 _aNUST-CAE
_cM
_c36727
999 _c247905
_d247905